Nationwide monthly house price review (Record no. 105833)
[ view plain ]
| 000 -LEADER | |
|---|---|
| fixed length control field | 01242cam a2200229 4500 |
| 001 - CONTROL NUMBER | |
| control field | ##L134887 |
| 008 - FIXED-LENGTH DATA ELEMENTS--GENERAL INFORMATION | |
| fixed length control field | 060908n2006 000 0 eng u |
| 035 ## - SYSTEM CONTROL NUMBER | |
| System control number | (Sirsi) u134887 |
| 041 0# - LANGUAGE CODE | |
| Language code of text/sound track or separate title | eng |
| 050 04 - LIBRARY OF CONGRESS CALL NUMBER | |
| Classification number | 333.33 $2 18 |
| 110 2# - MAIN ENTRY--CORPORATE NAME | |
| Corporate name or jurisdiction name as entry element | Nationwide Building Society |
| 9 (RLIN) | 1019 |
| 245 00 - TITLE STATEMENT | |
| Title | Nationwide monthly house price review |
| Remainder of title | August 2006 |
| 260 ## - PUBLICATION, DISTRIBUTION, ETC. | |
| Place of publication, distribution, etc. | London |
| Name of publisher, distributor, etc. | Nationwide |
| Date of publication, distribution, etc. | 2006 |
| 490 #0 - SERIES STATEMENT | |
| Series statement | Nationwide Monthly House Price Review |
| Volume/sequential designation | August 2006 |
| 520 ## - SUMMARY, ETC. | |
| Summary, etc. | House prices increased by 0.8% in August, with the annual rate of growth rising to 6.6%. This rate of growth is nearly three times faster than this time last year. The price of a typical UK house is now £167 721, £10 412 higher than in August 2005. Base rates are expected to rise to 5% by the end of the year, however it is thought that the market will not slow as sharply as it did during the last round of interest rate rises between November 2003 and August 2004. |
| 590 ## - LOCAL NOTE (RLIN) | |
| Local note | IKA190906 |
| 650 24 - SUBJECT ADDED ENTRY--TOPICAL TERM | |
| Topical term or geographic name entry element | NATIONWIDE MONTHLY HOUSE PRICE REVIEW |
| 651 #4 - SUBJECT ADDED ENTRY--GEOGRAPHIC NAME | |
| Geographic name | United Kingdom |
| Chronological subdivision | |
| 690 ## - LOCAL SUBJECT ADDED ENTRY--TOPICAL TERM (OCLC, RLIN) | |
| Topical term or geographic name as entry element | PROPERTY-RESIDENTIAL PROPERTY-RESIDENTIAL PROPERTY MARKET |
| 856 40 - ELECTRONIC LOCATION AND ACCESS | |
| Uniform Resource Identifier | <a href="https://nationwide.co.uk/hpi/review.htm">https://nationwide.co.uk/hpi/review.htm</a> |
| Public note | View the item free of charge at www.nationwide.co.uk... |
| 942 ## - ADDED ENTRY ELEMENTS (KOHA) | |
| Suppress in OPAC | 0 |
| Withdrawn status | Lost status | Source of classification or shelving scheme | Damaged status | Not for loan | Home library | Current library | Shelving location | Date acquired | Total Checkouts | Full call number | Barcode | Date last seen | Copy number | Price effective from | Koha item type |
|---|---|---|---|---|---|---|---|---|---|---|---|---|---|---|---|
| Dewey Decimal Classification | Virtual | Virtual | Online | 08/09/2006 | ONLINE PUBLICATION | 134887-1001 | 06/08/2019 | 1 | 06/08/2019 | Book |